000 01122nam a2200409 a 4500
003 AR-BaBNM
005 20251128203457.0
008 082120s2002 ||||||||||||||000 | spa||
040 _cAR-BaBNM
100 1 _aVallarino, Juan Carlos
245 0 0 _aTratado de economía política
_n2
260 _aBuenos Aires
_bClaridad
_c1949
300 _a719 p.
_bgráfs., tablas
490 0 _aBiblioteca de Ciencias económicas, políticas y sociales
_vv. 5
500 _aEste volumen contiene los dos tomos 3 y 4
504 _aBibliografía p. 667-669
650 4 _aSOCIOLOGIA POLITICA
650 4 _aHISTORIA DEL TRABAJO
650 4 _aSALARIO MINIMO
650 4 _aSEGURIDAD SOCIAL
650 4 _aPOLITICA LABORAL
650 4 _aTRABAJO
650 4 _aTRABAJADORES
650 4 _aSALARIOS
650 4 _aCAPITALISMO
650 4 _aHISTORIA ECONOMICA
650 4 _aIMPUESTOS
650 4 _aHACIENDA PUBLICA
650 4 _aHISTORIA POLITICA
650 4 _aHISTORIA FINANCIERA
650 4 _aECONOMISTAS
650 4 _aPRODUCCION
650 4 _aMONEDA
650 4 _aMONOPOLIOS
942 _cBK
998 _cmariana
999 _c3569
_d3569